| 000 | 00549nam a2200229Ia 4500 | ||
|---|---|---|---|
| 003 | 0100 | ||
| 008 | 130227s9999 xx 000 0 und d | ||
| 040 | _cARRUPELIB | ||
| 050 | _aBS2575.2.M56 | ||
| 100 | _aMinear, Paul S. | ||
| 245 | _aMatthew | ||
| 245 | _bthe teacher's gospel | ||
| 260 | _aNew York | ||
| 260 | _bThe Pilgrim Press | ||
| 260 | _C1982 | ||
| 300 | _a194p. | ||
| 300 | _b 23 cm | ||
| 650 | _bFree will & determinism | ||
| 650 | _cGod - Will | ||
| 650 | _dBuckingham, Thomas. De contingentia futurorum | ||
| 942 |
_2lcc _02 |
||
| 999 |
_c827 _d827 |
||